Motivácia a výzvy udržateľného podnikania vo vybranom sektore hospodárstva Slovenskej republiky bakalárska práca

Enregistré dans:
Détails bibliographiques
Auteur principal: Mandová, Dominika
Collectivité auteur: Fakulta podnikového manažmentu EU. Katedra podnikovohospodárska
Autres auteurs: Barteková, Mária, 1992-
Format: Livre
Langue:slovaque
Publié: Bratislava 2025
Tags: Ajouter un tag
Pas de tags, Soyez le premier à ajouter un tag!

MARC

LEADER 00000nbm a2200000 4500
001 0309739
005 20251209124401.2
041 0 |a slo 
044 |a SK 
245 1 0 |a Motivácia a výzvy udržateľného podnikania vo vybranom sektore hospodárstva Slovenskej republiky  |b bakalárska práca  |c Dominika Mandová ; školiteľ: Mária Barteková 
264 1 |a Bratislava  |c 2025 
300 |a 42 s. 
100 1 |a Mandová, Dominika 
700 1 |a Barteková, Mária, 1992- 
710 2 |a Fakulta podnikového manažmentu EU. Katedra podnikovohospodárska